2013 International Conference on Process Control (PC 2013) (Record no. 15458)

000 -LEADER
fixed length control field 00861cam a22002415a 4500
020 ## - INTERNATIONAL STANDARD BOOK NUMBER
ISBN 9781479909261
020 ## - INTERNATIONAL STANDARD BOOK NUMBER
ISBN 1479909262
020 ## - INTERNATIONAL STANDARD BOOK NUMBER
ISBN 9781479909278
020 ## - INTERNATIONAL STANDARD BOOK NUMBER
ISBN 1479909270
040 ## - CATALOGING SOURCE
Transcribing agency DLC
082 ## - DEWEY DECIMAL CLASSIFICATION NUMBER
Classification number 641 IEE 2013 A054 Or.
245 00 - TITLE STATEMENT
Title 2013 International Conference on Process Control (PC 2013)
Remainder of title Štrbské Pleso, Slovakia, 18-21 June 2013
246 1# - VARYING FORM OF TITLE
Title proper/short title Proceedings of the 2013 International Conference on Process Control (PC)
260 3# - PUBLICATION, DISTRIBUTION, ETC. (IMPRINT)
Place of publication Piscataway, NJ
Name of publisher IEEE
Year of publication 2013
300 ## - PHYSICAL DESCRIPTION
Number of Pages 545 S.
Other physical details Ill., graph. Darst
500 ## - GENERAL NOTE
General note Literaturangaben
700 1# - ADDED ENTRY--PERSONAL NAME
Personal name Fikar, M.
710 2# - ADDED ENTRY--CORPORATE NAME
Corporate name or jurisdiction name as entry element Institute of Electrical and Electronics Engineers
710 2# - ADDED ENTRY--CORPORATE NAME
Corporate name or jurisdiction name as entry element Institute of Electrical and Electronics Engineers
710 2# - ADDED ENTRY--CORPORATE NAME
Corporate name or jurisdiction name as entry element Slovenská technická univerzita v Bratislave
856 41 - ELECTRONIC LOCATION AND ACCESS
Uniform Resource Identifier http://www.gbv.de/dms/tib-ub-hannover/823910350.pdf
942 ## - ADDED ENTRY ELEMENTS (KOHA)
Koha item type សៀវភៅភាសាអង់គ្លេស
952 ## - LOCATION AND ITEM INFORMATION (KOHA)
Withdrawn status [LOCAL, KOHA] 0
Holdings
Permanent Location Date acquired Koha item type Lost status Shelving location Barcode Current Location Full call number
Library Block A2017-11-22សៀវភៅភាសាអង់គ្លេស A054A06629Library Block A641 IEE 2013 A054 Or.
មជ្ឈមណ្ឌលឯការនៃសាកលវិទ្យាល័យភូមិន្ទកសិកម្មចំការដូង

Powered by Koha